000 01232nam a2200253 a 4500
005 20200104041609.0
008 140128b2007 ck ||||| |||| 00| 0 spa d
041 _aspa
044 _ack
090 _aIAVH
_b00867
100 _aCastro Lalinde, Paulina María Alejandra
_95505
245 _aEstrategia educación ambiental para el conocimiento, el uso y la conservación de la biodiversidad en Colombia
260 _aBogotá
_bInstituto Alexander von Humboldt
_c2007
300 _a69 p.
520 _aLa Estrategia de educación ambiental para el conocimiento, el uso y conservación de la biodiversidad es uno de los principales resultados del esfuerzo mancomunado entre instituciones y comunidad y constituye un valioso aporte para la gestión social del conocimiento. Busca influir de manera positiva, a la par que generar un cambio de actitud y valoracio?n frente a la biodiversidad y establecer procesos educativos continuos
650 _aConocimiento
_94423
650 _aConservación
_992401
650 _aBiodiversidad
_992204
650 _aEducación ambiental
_9162
700 _aMendoza Mojica, Sandra Lucía
_92294
700 _aCastro Lalinde, Luz Amanda
_92295
942 _cCD-ROM
_2z
_01
945 _d2008-06-27
999 _c6352
_d6352